000 00417nam a2200133 a 4500
020 _a8172450346 (paperback)
020 _a9788172450342 (paperback)
100 1 _aArnold, Thomas Kerchever.
245 1 0 _aBasic english grammar for schools /
260 _a[S.l.] :
_bGoodwill Publishing House,
300 _a1 v. (unpaged) ;
856 4 0 _uhttp://www.amazon.com/exec/obidos/ASIN/8172450346/chopaconline-20
942 _cBK
999 _c11338
_d11338